University Home | Library Home | Institutional Repository

Shree Swaminarayan's Vachanamritam / (Record no. 192621)

MARC details
000 -LEADER
fixed length control field 00944cam7a220028900 4500
001 - CONTROL NUMBER
control field lce00508983
008 - FIXED-LENGTH DATA ELEMENTS--GENERAL INFORMATION
fixed length control field 791010s1977 ii af 001 0 eng
010 ## - LIBRARY OF CONGRESS CONTROL NUMBER
LC control number 78901304 //r832
020 ## - INTERNATIONAL STANDARD BOOK NUMBER
Terms of availability Rs60.00
035 ## - SYSTEM CONTROL NUMBER
System control number (Sirsi) r70786
035 ## - SYSTEM CONTROL NUMBER
System control number (DLC) 78901304 //r832
035 ## - SYSTEM CONTROL NUMBER
System control number (UPRA)lce00508983
041 1# - LANGUAGE CODE
Language code of text/sound track or separate title eng guj
Language code of original eng guj
050 0# - LIBRARY OF CONGRESS CALL NUMBER
Classification number BL1245.S9
Item number A2513
082 0# - DEWEY DECIMAL CLASSIFICATION NUMBER
Classification number 294.5/4
Edition number 19
100 0# - MAIN ENTRY--PERSONAL NAME
Titles and words associated with a name Swami, d8.1..14.10
Linkage A31951.1
240 10 - UNIFORM TITLE
Uniform title Vacanamrta. English
Language of a work Vacanamrta. English
245 10 - TITLE STATEMENT
Title Shree Swaminarayan's Vachanamritam /
Statement of responsibility, etc. translated by H. T. Dave ; with a foreword by Swami Ranganathananda.
250 ## - EDITION STATEMENT
Edition statement 1st ed.
260 ## - PUBLICATION, DISTRIBUTION, ETC.
Place of publication, distribution, etc. Bombay :
Name of publisher, distributor, etc. Bharatiya Vidya Bhavan,
Date of publication, distribution, etc. 1977.
500 ## - GENERAL NOTE
General note Translation of Vacanamrta.
500 ## - GENERAL NOTE
General note Includes quotations in Sanskrit.
500 ## - GENERAL NOTE
General note Includes index.
650 00 - SUBJECT ADDED ENTRY--TOPICAL TERM
Topical term or geographic name entry element Swami-Narayanis.
Linkage S23800.1
949 ## - LOCAL PROCESSING INFORMATION (OCLC)
a BL1245.S9
w lcc
i -95781
m MAIN
t BOOK
l ON-SHELF

No items available.

© 2026 - The University of Zambia Library - Koha v25.11